000 00404 a2200109 4500
001 ART_12187
005 20260410161904.0
008 260409a
245 1 0 _aFully recursive probability models and multivariate log-linear probability models for the analysis of qualitative data
100 1 _aLee, Lung-Fei
773 0 _tJournal of econometrics
_g- Vol. 16, NÂș 1 (may. 1981)
_wREV11720
999 _c26171
_d26171